Southville International School and Colleges
Your cart is empty.
  • Cart
  • Lists
    Public lists Eva Luna New books Lux_list list_1
    Your lists Log in to create your own lists
  • Log in to your account
  • Your cookies
  • Search history
Southville International School and Colleges
  • Advanced search
  • Recent comments
  • Most popular
  • Libraries

Log in to your account

Log in with GOOGLE


If you do not have an external account, but do have a local account, you can still log in:

  1. Home
  2. MARC view: Charlie Chaplin
Normal view MARC view ISBD view

Charlie Chaplin (Record no. 365938)

[ view plain ]
MARC details
000 -LEADER
fixed length control field 00557nam a22001937a 4500
003 - CONTROL NUMBER IDENTIFIER
control field 0
005 - DATE AND TIME OF LATEST TRANSACTION
control field 20240416130116.0
008 - FIXED-LENGTH DATA ELEMENTS--GENERAL INFORMATION
fixed length control field 240416b xxu||||| |||| 00| 0 eng d
020 ## - INTERNATIONAL STANDARD BOOK NUMBER
International Standard Book Number 978-1-250-16623-4
050 ## - LIBRARY OF CONGRESS CALL NUMBER
Classification number TR
Item number Ch464 2019
082 ## - DEWEY DECIMAL CLASSIFICATION NUMBER
Classification number TR
Item number Ch464 2019
245 ## - TITLE STATEMENT
Title Charlie Chaplin
250 ## - EDITION STATEMENT
Edition statement First edition
260 ## - PUBLICATION, DISTRIBUTION, ETC. (IMPRINT)
Place of publication, distribution, etc New York
Name of publisher, distributor, etc Roaring Book Press
Date of publication, distribution, etc c2015.
300 ## - PHYSICAL DESCRIPTION
Extent unpaged :
Other physical details colored illustrations ;
Dimensions 15cm.
600 ## - SUBJECT ADDED ENTRY--PERSONAL NAME
Source of heading or term Chaplin, Charlie, 1889-1977.
9 (RLIN) 1
650 ## - SUBJECT ADDED ENTRY--TOPICAL TERM
Topical term or geographic name as entry element Chaplin, Charlie, 1889-1977--Biography.
942 ## - ADDED ENTRY ELEMENTS (KOHA)
Source of classification or shelving scheme Dewey Decimal Classification
Koha item type Books
Holdings
Withdrawn status Lost status Source of classification or shelving scheme Damaged status Home library Current library Shelving location Date acquired Source of acquisition Total Checkouts Full call number Barcode Date last seen Price effective from Koha item type
    Dewey Decimal Classification   Munich Library Munich Library Teachers Reference Section 04/16/2024 Library Fund   TR Ch464 2019 M8580 04/16/2024 04/16/2024 Books

Charlie Chaplin

APA

(2015). Charlie Chaplin. New York: Roaring Book Press.

Chicago

2015. Charlie Chaplin. New York: Roaring Book Press.

Harvard

(2015). Charlie Chaplin. New York: Roaring Book Press.

MLA

Charlie Chaplin. New York: Roaring Book Press. 2015.

  • Place hold
  • Print
  • Cite
  • Add to your cart (remove)
  • Save record
    BIBTEX Dublin Core MARCXML MARC (non-Unicode/MARC-8) MARC (Unicode/UTF-8) MARC (Unicode/UTF-8, Standard) MODS (XML) RIS
  • More searches
    Search for this title in:
    Other Libraries (WorldCat) Other Databases (Google Scholar) Online Stores (Bookfinder.com) Open Library (openlibrary.org)

Exporting to Dublin Core...

SOUTHVILLE LIBRARY

Southville International School and Colleges Library

1281 Tropical Ave. Cor. Luxembourg St., BF Homes International, Las Pinas City

Tel. No. 8256374 / 252358 Loc. 117/146

Powered by Koha